Statistics for A Level Psychology Issues and Debates Keywords

Click here to take the quiz!

General Stats

  • This quiz has been taken 122 times
    (119 since last reset)
  • The average score is 9 of 24

Answer Stats

HintAnswer% Correct
The view that free will is an illusion and behaviour is govern by internal and external forces we have no control overDeterminism
69%
An idea we have an active role in how we behave and our choices are our ownFree will
66%
An assumption that findings on males also apply to femalesBeta Bias
65%
An exaggeration between males and femalesAlpha Bias
64%
The belief that human behaviour can be broken down into smaller componenetsReductionism
62%
The view that behaviour is the product of innate biological factorsNature
52%
The belief that human behaviour has to as a whole intergrated experienceHolism
51%
An idea that human behaviour is innate and determined by genesBiological Determinism
49%
Centred on or dominated by malesAndrocentrism
47%
An idea that human behaviour is determined by forces outside the individualEnvironmental Determinism
44%
A focus on the individual usually relating to case studiesIdiographic
43%
A focus on the majority and tries to create general laws relating to lab studiesNomothetic
42%
Seeing the world only from one cultures perspectiveEthnocentrism
40%
The view that forces outside our body shape our behaviour and that we have no control over these factors (biology, past experiences)Hard Determinism
35%
The view that forces outside our body shape our behaviour and that we have some control over these factors (environment)Soft Determinism
35%
When something can be applied to everyoneUniversality
35%
Behaviour being broken down that to a physical level (neruons, neurotransmitters, hormones, brain structures)Biological Reductionism
34%
Behaviour can only properly understood only if the cultural context is takenCultural Relativism
33%
Behaviours being broken down by into stimulus and response chains (2 names __ __/__ __)Environmental Reductionism/Stimulus-Response Reductionism
21%
The view that behaviour is the product of both innate biological factors and environmental influencesInteractionist approach
12%
The view that behaviour is the product of the environmental influencesNuture
10%
The percentage for 1st standard deviation68%
7%
The percentage for 2nd standard deviation98%
7%
An idea that human behaviour is determined by childhood experiences and innate drivesPhysic Determinism
5%

Score Distribution

Percentile by Number Answered

Percent of People with Each Score

Your Score History

You have not taken this quiz since the last reset